LIBRARY & INFORMATION CENTRE, KCAET, TAVANUR

ONLINE PUBLIC ACCESS CATALOGUE (OPAC)

Elements of biotechnology / (Record no. 10785)

MARC details
000 -LEADER
fixed length control field 00427cam a2200169ua 4500
020 ## - INTERNATIONAL STANDARD BOOK NUMBER
ISBN 81-85711-56-9
041 ## - LANGUAGE CODE
Language code of text/sound track or separate title eng
082 ## - DEWEY DECIMAL CLASSIFICATION NUMBER
Classification number 660.6
Item number GUP/EL
100 ## - MAIN ENTRY--AUTHOR NAME
Personal name Gupta, P K .
245 ## - TITLE STATEMENT
Title Elements of biotechnology /
260 ## - PUBLICATION, DISTRIBUTION, ETC. (IMPRINT)
Place of publication Meerut :
Name of publisher Rastogi Publications ,
Year of publication 1996.
300 ## - PHYSICAL DESCRIPTION
Number of Pages 602 ; .
942 ## - ADDED ENTRY ELEMENTS (KOHA)
Koha item type Books
Holdings
Withdrawn status Lost status Damaged status Home library Current library Date acquired Full call number Accession Number Koha item type
      KAUAET KAUAET 07/04/2012 660.6 19425 Books
free website counter